00332 2200145 4500001002100000005001500021035002000036245004600056300000700102260003300109082000800142084001200150990001200162990001200174INLIS00000000000261620250605023925 a0010-0625000202 aManajemen Perjalanan Wisata /cM.A. Desky a69 aYogyakarta :bAdicita,c1999 a300 a300 MAN a0320335 a0320336